| 000 | 02625cam a22005174i 4500 | ||
|---|---|---|---|
| 003 | PE-LiUPU | ||
| 005 | 20250731173408.0 | ||
| 008 | 150706s2002 bcca rb 001 0 eng d | ||
| 020 | _a9780968890103 | ||
| 035 | _a(Sirsi) a49998 | ||
| 040 |
_aPE-LiUPU _bspa _cPE-LiUPU _erda |
||
| 049 | _aPRUA | ||
| 082 | 0 | 4 |
_a236.9 _bF81 _221 |
| 100 | 1 |
_aFranklin, Jere, _eautor. |
|
| 245 | 1 | 0 |
_aNo matter what storms may come... You Can Survive! : _ba book designed for Christian preparing for the end times / _cBy Jere Franklin. |
| 264 | 1 |
_aChetwynd, B.C. : _bJ. Franklin, _c2002. |
|
| 300 |
_a425 páginas : _bilustraciones ; _c23 centímetros |
||
| 336 |
_atext _2rdacontent |
||
| 337 |
_aunmediated _2rdamedia |
||
| 338 |
_avolume _2rdacarrier |
||
| 500 | _aIlustrado por Linda Franklin. | ||
| 504 | _aIncluye referencias bibliográficas | ||
| 504 | _aÍndice : páginas 417-424. | ||
| 505 | 0 | _aGod is love-love is healing -- Vital truth-end time events revealed -- Accusations-word can hurt -- Critical ministry-an oxymoron? -- Broken in heart-apurpose in pain -- Intercession-praying others effectively -- The miracle of unity-that the world may believe -- Restoration-God's answer for hopeless problems -- Financial preparation-escaping the leper colony -- Country living-a taste of elegance -- Log cabin building-you can do it! -- Garden to kitchen-food for the future -- Medical prparation-basic skills and natural remedies -- Wilderness survival-making friends with nature -- When to flee-an act of faith -- treasure in the trash-Hilkiah's discovery -- Hastening our Lord's return-yes we can! -- Education for the future-Prisioners of hope -- Evangelism in the end time-missionary training -- heaven-the ultimate survival -- Closing events chart. | |
| 526 | _aSEG42 | ||
| 526 | _aSEG41 | ||
| 526 | _aSEG40 | ||
| 526 | _aSEG39 | ||
| 526 | _aP94 | ||
| 526 | _aP87 | ||
| 526 | _aP86 | ||
| 526 | _aP85 | ||
| 526 | _aP77 | ||
| 526 | _aP76 | ||
| 526 | _aP35 | ||
| 650 | 0 | 4 | _aFin del mundo. |
| 650 | 0 | 4 | _aVida cristiana. |
| 650 | 0 | 4 | _aHabilidades para la supervivencia. |
| 910 |
_adbm _bncf _cncf _d20180904 |
||
| 942 |
_2ddc _cBOOK |
||
| 949 |
_a236.9 F81 _wDEWEY _c1 _i63464 _lCCODEBUL1 _mBUL _p20.00 _r0 _sY _tLIBRO _u2015-07-06 _xTEOLOGIA _zUNKNOWN _o.STAFF. Colección General |
||
| 994 |
_aC0 _bPEPRU |
||
| 596 | _a1 | ||
| 999 |
_a236.9 F81 _wDEWEY _c52400 _i79316 _d52400 _f2021-11-10 _g4 _lCCODEBUL1 _mBUL _p20.00 _r0 _sY _tBOOK _u2015-7-6 _xTEOLOGIA _PP35 _0DONACION _o.STAFF. Colección de Teología |
||
| 980 |
_81 _gALBERTO SANCHEZ Responsable de Automatización |
||